| 000 | 00931nam a2200241 a 4500 | ||
|---|---|---|---|
| 001 | 000021014 | ||
| 005 | 20221027122926.0 | ||
| 008 | 100830s1996 dr 000 0 spa d | ||
| 020 | _a8489539332 | ||
| 040 |
_aDO-SdBNP _bspa _cBNPHU |
||
| 082 |
_a972.93 _bT233d, 1996 |
||
| 100 | 1 |
_aTaveras, Rafael _973924 |
|
| 245 | 1 | 0 |
_aDetrás de las rejas / _cRafael Fafa Taveras. |
| 250 | _a2a. ed. | ||
| 260 |
_aSanto Domingo : _bDe Colores, _c1996. |
||
| 300 |
_a213 p. ; _c22 cm. |
||
| 500 | _aIncluye 40datos biográficos del autor en las solapas | ||
| 590 | _aInventariado, 2020/VM | ||
| 650 | 4 |
_aPresos políticos _zRepública Dominicana _xRelatos personales _vENSAYOS, CONFERENCIAS, ETC. _943973 |
|
| 651 | 4 |
_aRepública Dominicana _xHistoria _y1961- _vENSAYOS, CONFERENCIAS, ETC. _917097 |
|
| 651 | 4 |
_aRepública Dominicana _xPolítica Y Gobierno _y1961- _vENSAYOS, CONFERENCIAS, ETC _917098 |
|
| 910 | _aValidado. Control de calidad MFF | ||
| 999 |
_c20517 _d20517 |
||